00583nam a2200169 4500001000700000003000900007005001700016007000300033008004100036100003000077245006200107260005000169300002100219852003200240999001900272952012200291148730ES-MaACL20230906202758.0t|070214s1971 sp r ||||1| spa d1 aSuárez, Albino.910853810aDe la montaña a la mina b: poemas / cAlbino Suárez. aOviedo : b[s. n.], c[1971] (fImp. Trufero) a55 p. ; c19 cm. aES-MaACLjC-41576 bR.78970 c148730d148730 00104070aATENEOMbATENEOMcDEPO2d2008-01-17eSCl0oC-41576p1155210r2023-02-23 00:00:00w2023-02-23yMONOGRAFIA